00325nam a2200145Ia 4500008004100000041000800041082000800049100001800057245002000075250000800095260004100103300000800144365000800152999001900160231011s9999 xx 000 0 und d aeng a330 aHenson Robert aClimate Changed a1st bPenguin Books India Pvt Ltd -c2006 a341 b100 c897007d897007